000 00590nam a2200181 i 4500
001 56694
003 ES-MaACL
005 20230906163427.0
007 t|
008 031013s1971 sp ||||1| spa d
100 1 _aDienes, Z. P.
_944605
245 1 4 _aLas seis etapas del aprendizaje en Matemática /
_cZ.P. Dienes ; traducción de Jaime Tortella y Carmen Azcárate.
260 _aBarcelona :
_bTeide,
_c[1971]
300 _a74 p., 1 lám. :
_bil. ;
_c19 cm.
700 1 _aTortella Casares, Jaime.
_9111079
700 1 _aAzcárate, Carmen.
_924240
852 _aES-MaACL
_jC-41592
_bR.79984
999 _c56694
_d56694